Le cacce reali nell'Europa dei principi
| Titel: | Le cacce reali nell'Europa dei principi / a cura di Andrea Merlotti |
|---|---|
| Beteiligt: | |
| Körperschaft: | |
| Veröffentlicht: | Firenze : Leo S. Olschki editore, 2017 |
| Umfang: | XII, 350 Seiten, 24 ungezählte Seiten Bildtafeln : Illustrationen, Karten |
| Format: | Buch |
| Sprache: | Italienisch; Englisch; Spanisch |
| Schriftenreihe/ mehrbändiges Werk: |
La civiltà delle corti ; 1 |
| Andere Ausgaben: |
Erscheint auch als Online-Ausgabe
|
| ISBN: | 9788822264176 |
| Hinweise zum Inhalt: |
Hinweise zum Inhalt
Hinweise zum Inhalt Rezension |
alg: 53117321 001A $03025:02-07-25 001B $03025:02-07-25 $t12:43:12.000 001D $03025:02-07-25 001U $0utf8 001X $00 002@ $0Aax 002C $aText $btxt $2rdacontent 002D $aohne Hilfsmittel zu benutzen $bn $2rdamedia 002E $aBand $bnc $2rdacarrier 003@ $0531173216 004A $A978-88-222-6417-6 004E/07 $03180408 $lItFiC 006C $0965365956 $aOCoLC 007A $0BV043853224 $aBVB 009P $uhttps://bvbr.bib-bvb.de:443/F?func=service&doc_library=BVB01&local_base=BVB01&doc_number=029263485&sequence=000001&line_number=0001&func_code=DB_RECORDS&service_type=MEDIA 009P $uhttps://bvbr.bib-bvb.de:443/F?func=service&doc_library=BVB01&local_base=BVB01&doc_number=029263485&sequence=000003&line_number=0002&func_code=DB_RECORDS&service_type=MEDIA $mCasalini Fremddatenuebernahme 009P $3Rezension $uhttps://www.recensio.net/r/4e09558598764cfb83a27a5c662d5bba 010@ $aita $aeng $aspa 010E $erda 011@ $a2017 $n2017 013D $RWissenschaftliche Literatur $RAufsatzsammlung $#Konferenzbericht $71071861417 $8Konferenzschrift [Tsz] $xReggia di Venaria $9359646190 $y07.11.2012-09.11.2012 $zVenaria Reale 021A $aLe @cacce reali nell'Europa dei principi $ha cura di Andrea Merlotti 028C $BHerausgeber $4edt $7131752561 $8Merlotti, Andrea$Z1968- [Tp1] $9179006800 029A $BVerfasser $4aut $71135926816 $8Le @Cacce reali nell'Europa dei Principi$gVeranstaltung$d2011$cVenaria Reale; Stupinigi [Tf1] $9404714072 033A $pFirenze $nLeo S. Olschki editore 034D $aXII, 350 Seiten, 24 ungezählte Seiten Bildtafeln 034M $aIllustrationen, Karten 036E $aLa civiltà delle corti $l1 037A $aInformationen zur Konferenz online ermittelt 039D $aErscheint auch als $z978-88-222-8184-5 $nOnline-Ausgabe 044K $qBVB $#Abendland $#Okzident $74015701-5 $8Europa [Tgz] $908503617X 044K $qBVB $RKönigreich Sardinien $RRepublik von Salò $#Italy $#Italien $#Italien $#Italia $#Königreich Italien $#Repubblica Italiana $#Italiya Respublikasi $#Italijos Respublika $#Olaszorszaǵ $#Olasz Koz͏̈taŕsasaǵ $#Regno d'Italia 1861- $#Italienische Republik $#République Italienne $#Yidali-gongheguo $#Italy $74027833-5 $8Italien [Tgz] $9085071234 044K $qBVB $RTierfang $RJagdkunde $RJäger $#Hunting $#Chasse $#Caccia $#Caza $#hunting $#Jagd $#Jagd $#Jagen $#Waidwerk $#Weidwerk $74027955-8 $8Jagd [Ts1] $9085071552 044K $qBVB $RMotiv $#Jagddarstellung Literatur $74201146-2 $8Jagd$gMotiv [Ts1] $9086016806 044K $qBVB $RMotiv $#Jagdstück $#Jagd Kunst Motiv $74162658-8 $8Jagddarstellung [Ts1] $9085718912 044K $qBVB $RFronhof $RKönigspfalz $RCurtis $74164392-6 $8Königshof [Ts1] $908573277X 045F $a306.0940903 $eDDC22BSB 045F/01 $a306.09 045F/03 $f0903 045F/03 $g4 045T $aHIST $qDE-12 $2FID 046L $aTexts in Italian, English, and Spanish lok: 53117321 78 exp: 53117321 78 1 #EPN 201B/01 $002-07-25 $t12:43:12.000 201C/01 $002-07-25 201U/01 $0utf8 203@/01 $01310547114 208@/01 $a02-07-25 $be 209A/01 $a/ $f000 $x00 209A/01 $ab*p $x01 220C/01 $apgar 247C/01 $82080>Marburg/Lahn, Herder-Institut, Forschungsbibliothek, Bibliographieportal $9336309341
| LEADER | 00000cam a22000002c 4500 | ||
|---|---|---|---|
| 001 | 531173216 | ||
| 003 | DE-603 | ||
| 005 | 20250702124312.0 | ||
| 007 | tu | ||
| 008 | 250702s2017 xx |||| | u10||u|ita c | ||
| 020 | |a 9788822264176 | ||
| 028 | 5 | 2 | |a 3180408 |
| 035 | |a (DE-599)BVBBV043853224 | ||
| 040 | |a DE-603 |b ger |c DE-603 |d DE-603 |e rda | ||
| 041 | |a ita |a eng |a spa | ||
| 082 | 0 | 4 | |8 1\u |a 306.0940903 |q DE-101 |2 22/BSB |
| 084 | |a HIST |q DE-12 |2 fid | ||
| 085 | |8 1\u |b 306.09 | ||
| 085 | |8 1\u |z 1 |s 0903 | ||
| 085 | |8 1\u |z 2 |s 4 | ||
| 111 | 2 | |a Le Cacce reali nell'Europa dei Principi |g Veranstaltung |d 2011 |c Venaria Reale; Stupinigi |j Verfasser |4 aut |0 (DE-603)404714072 |0 (DE-588)1135926816 |2 gnd | |
| 245 | 0 | 0 | |a Le cacce reali nell'Europa dei principi |c a cura di Andrea Merlotti |
| 264 | 1 | |a Firenze |b Leo S. Olschki editore |c 2017 | |
| 300 | |a XII, 350 Seiten, 24 ungezählte Seiten Bildtafeln |b Illustrationen, Karten | ||
| 336 | |a Text |b txt |2 rdacontent | ||
| 337 | |a ohne Hilfsmittel zu benutzen |b n |2 rdamedia | ||
| 338 | |a Band |b nc |2 rdacarrier | ||
| 490 | 0 | |a La civiltà delle corti |v 1 | |
| 500 | |a Informationen zur Konferenz online ermittelt | ||
| 546 | |a Texts in Italian, English, and Spanish | ||
| 650 | 7 | |a Jagd |0 (DE-588)4027955-8 |0 (DE-603)085071552 |2 gnd | |
| 650 | 7 | |a Jagd |g Motiv |0 (DE-588)4201146-2 |0 (DE-603)086016806 |2 gnd | |
| 650 | 7 | |a Jagddarstellung |0 (DE-588)4162658-8 |0 (DE-603)085718912 |2 gnd | |
| 650 | 7 | |a Königshof |0 (DE-588)4164392-6 |0 (DE-603)08573277X |2 gnd | |
| 651 | 7 | |a Europa |0 (DE-588)4015701-5 |0 (DE-603)08503617X |2 gnd | |
| 651 | 7 | |a Italien |0 (DE-588)4027833-5 |0 (DE-603)085071234 |2 gnd | |
| 655 | 7 | |a Konferenzschrift |x Reggia di Venaria |y 07.11.2012-09.11.2012 |z Venaria Reale |2 gnd-content |0 (DE-588)1071861417 |0 (DE-603)359646190 | |
| 700 | 1 | |a Merlotti, Andrea |d 1968- |e Herausgeber |4 edt |0 (DE-603)179006800 |0 (DE-588)131752561 |2 gnd | |
| 776 | 0 | 8 | |i Erscheint auch als |n Online-Ausgabe |z 9788822281845 |
| 856 | 4 | 2 | |u https://bvbr.bib-bvb.de:443/F?func=service&doc_library=BVB01&local_base=BVB01&doc_number=029263485&sequence=000001&line_number=0001&func_code=DB_RECORDS&service_type=MEDIA |
| 856 | 4 | 2 | |m Casalini Fremddatenuebernahme |u https://bvbr.bib-bvb.de:443/F?func=service&doc_library=BVB01&local_base=BVB01&doc_number=029263485&sequence=000003&line_number=0002&func_code=DB_RECORDS&service_type=MEDIA |
| 856 | 4 | 2 | |u https://www.recensio.net/r/4e09558598764cfb83a27a5c662d5bba |3 Rezension |
| 924 | 0 | |9 2080 |a (DE-603)1310547114 |b DE-2080 |c HES |d d |g / | |


